1544 1273 1120 1172 1526 1397 1987 1260 1762 1517 1252 1272 1771 1351 1861 1250 1278 2000 1068 1330 1962 1156 1016 1208 1713 1505 1123 1461 1305 1736 1038 1571 1510 1715 1742 1173 1773 1651 1745 1567 1584 1422 1850 1603 1696 1320 1325 1051 1461 1413 1812 1907 1916 1374 1416 1117 1013 1709 1423 1018 1650 1854 1229 1810 1671 1894 1809 1066 1358 1384 1381 1776 1040 1258 1796 1583 1615 1420 1340 1534 1452 1493 1228 1985 1000 1361 1871 1777 1620 1375 1311 1862 1394 1769 1512 1746 1732 1225 1799 BCNSPRNW ULIB Ver.6.0+V

เปลี่ยนเป็นภาษาไทย

Change to English
 แสดงรายละเอียดบรรณานุกรม
  กลับหน้าหลัก

Brief Record : Get Marc (ISO 2709) : E-mail record : QR code < ปิดหน้าต่าง
LEADER : 00000nam 2200000uu 4500
001    13399127946
003     ULIB
008    211116s2021||||th 000 0 tha d
020    ^a9781975160173
060 04 ^aQV55^bF826A
100 1  ^aFrandsen, Geralyn
245 10 ^aAbram s Clinical drug therapy :^brationales for nursing practice /^cGeralyn Frandsen,Sandra Smith Pennington
246 30 ^aAbram s clinical drug therapy :^brationales for nursingpractice
250    ^a12th ed.
260    ^aPhiladelphia, Pa. :^bWolters Kluwer Health/LippincottWilliams & Wilkins, ^c2021
300    ^aviii, 1266 p. ;^c28 cm.
650  0 ^aChemotherapy^vProblems, exercises, etc.
650  0 ^aDrugs^vProblems, exercises, etc.
650  0 ^aNursing^vProblems, exercises, etc.
650  2 ^aPharmaceutical Preparations^vnurses instruction^vproblems
650  2 ^aDrug Therapy^vnurses instruction^vproblems
700 1  ^aPennington Smith Sandra
945    ^p2235^l0^i008534
999    ^aประนอม เกษจรัล
รายการนี้ยังไม่มีแท็ก
คุณยังไม่ได้ล็อกอิน คุณสามารถมีกิจกรรมร่วมกับเว็บไซต์ได้ แต่ต้องล็อกอินก่อน ::
  ล็อกอิน

รายการสื่อสารสนเทศ

ลำดับที่ ประเภท เลขเรียก/บาร์โค้ด สถานที่ สถานะ
1. วิทยาศาสตร์การแพทย์ และสุขภาพ
หนังสือสำรอง
สถานะ=หนังสือสำรอง
QV55 F826A ฉ.1 
  Barcode: 008534
ห้องสมุดวิทยาเขตสวรรค์ประชารักษ์
►หนังสือทั่วไป
บนชั้น

BibComment


ยังไม่เคยถูกคอมเมนท์

คอมเมนท์ทรัพยากรรายการนี้
  คอมเมนท์: Abram s Clinical..


 Copyright 2026. Bcnsprnw @Library